A to Z "-ology" Quiz - Statistics

General Stats
  • This quiz has been taken 63 times
  • The average score is 10 of 22
Answer Stats
Letter Study % Correct
B Bacteriology | Biology | Bromatology
82%
Z Zoology | Zymology
78%
P Paleontology | Palynology | Parasitology | Pathology | Petrology | Pharmacology | Phenology | Phlebology | Phonology | Phycology | Physiology | Phytology | Planetology | Planktology | Pomology | Posology | Primatology | Proctology | Psychology | Pulmonology
71%
A Acarology | Actinology | Aerology | Aetiology | Agrology | Algology | Allergology | Andrology | Anesthesiology | Angiology | Anthropology | Apiology | Arachnology | Archaeology | Areology | Astacology | Audiology
69%
C Cardiology | Cariology | Cetology | Climatology | Coleopterology | Chonchology | Coniology | Craniology, Criminology | Cryology | Cynology | Cytology
69%
G Gastrology | Gemology | Geology | Gerontology | Glaciology | Gynecology
67%
O Oceanology | Odonatology | Oncology | Oology | Opthalmology | Ornithology | Orology | Othopterology | Osteology | Otology
60%
M Malacology | Mammalogy | Meteorology | Methodology | Metrology | Micrology | Mineralogy | Mycology | Myology | Myrmecology
53%
S Sarcology | Scatology | Sedimentology | Seismology | Selenology | Serology | Sitiology | Sociology | Somatology | Somnology | Speleology | Stomatology | Symptomatology
51%
H Hematology | Heliology | Helminthology | Hepatology | Herbology | Herpetology | Heteroptology | Hippology | Histology | Hydrology
49%
E Ecology | Edaphology | Embryology | Endocrinology | Entomology | Enzymology | Epidemiology | Ethology
47%
R Radiology | Rheology | Rheumatology | Rhinology
47%
D Dendrology | Dermatology | Desmology | Diabetology | Dipterology
42%
N Nematology | Neonatology | Nephology | Nephrology | Neurology | Nosology
42%
U Urology
31%
V Vaccinology | Virology | Vulcanology
31%
I Ichnology | Ichthyology | Immunology
27%
T Technology | Thermology | Tocology | Topology | Toxicology | Traumatology | Tribology | Trichology | Typology
20%
L Laryngology | Lepidopterology | Limnology | Lithology | Lymphology
18%
X Xylology
9%
K Karyology | Kinesiology | Kymatology
7%
F Felinology | Fetology | Formicology
4%
No matching quizzes found
Score Distribution
Percent of People with Each Score
Percentile by Number Answered
Your Score History
You have not taken this quiz